00495nam a2200121Ia 4500008004100000100003500041245014400076245003500220260005900255650001800314650001500332856002600347170221s9999 xx 000 0 und d aMohammed Qudah Ayat Abu Al Own aAttitudes of Media and Political Sciences Students towards the Way Palestinian Television Addresses the political Division: A Field Study  cMohammed Qudah Ayat Abu Al Own bOnline Journal of Communication and Media Technologies xCommunication xMedia Arts uhttp://www.ojcmt.net/